003720000a2200121000450024500960000065000240009665000180012065000240013865000230016204100140018510000210019977300300022010aIntroducción al ambiente biótico: ¿por qué hay tantos tipos de árboles tropicales?14aRiqueza de especies14aBiodiversidad14aEspecies forestales14aBosques tropicales0 aEspañol1 aLeigh, Egbert G.1 tPreprint33q73-110d1986